[Event "HUN-chT Youth 2019"]
[Site "Budapest"]
[Date "2019.10.28"]
[Round "5.9"]
[White "Tapodi, Norman Lajos"]
[Black "Pribelszky, Bence"]
[Result "1-0"]
[WhiteElo "2102"]
[BlackElo "2191"]
[Annotator "TA"]
[PlyCount "73"]
[EventDate "2019.10.26"]
[EventType "team-tourn"]
[EventCountry "HUN"]
[SourceTitle "playchess.com"]
[Source "ChessBase"]
[SourceQuality "1"]

{[%evp 15,73,43,39,39,31,24,36,18,24,22,25,-66,-66,-74,-66,-74,35,-24,93,65,103,102,87,101,90,70,124,41,53,45,127,111,125,112,124,138,132,136,132,108,127,122,108,114,91,93,179,170,353,330,333,320,391,388,356,347,29991,29992,29998,29999]} 1. d4 Nf6 2. c4 g6 3. Nc3 Bg7 4. e4 d6 5. f3 O-O 6. Be3 Na6 7. Qd2 c5 8. d5 Nc7 9. Nge2 {E81: King's Indian: Sämisch: 6th move deviations (including 6 Be3 c6)} a6 10. a4 Rb8 11. a5 $146 {White is slightly better.} ({Predecessor:} 11. Nc1 e6 12. a5 exd5 13. cxd5 Nd7 14. Be2 b5 15. axb6 Rxb6 16. O-O Nb5 17. Nxb5 axb5 {1-0 (47) Arvidsson,T (2162)-Pettersson,T (2127) Sweden 2012}) 11... b5 12. axb6 $1 Rxb6 13. g4 (13. Nf4 $1 $11) 13... Nd7 $15 14. Ng3 Ne5 15. Be2 $1 Qe8 (15... Rb4 $17) 16. h4 ({White should play} 16. Rb1 $14) 16... f5 (16... e6 $11) 17. gxf5 $16 gxf5 18. f4 $1 {[%cal Rf4e5]} ({But not} 18. Nxf5 $6 Bxf5 19. exf5 Rb4 $14) ({Much worse is} 18. exf5 $6 Rb4 $15) 18... Ng4 {[#]} 19. Bxg4 $1 fxg4 20. h5 {h6 is the strong threat.} Bh6 (20... e6 $14) 21. O-O ({White should try} 21. f5 $16 Bxe3 22. Qxe3) 21... Rb4 $14 22. f5 Rxb2 (22... Bg7 $14) 23. Qxb2 $16 Bxe3+ 24. Kg2 Bd4 25. Qd2 Qf7 26. Rab1 {[%cal Ba1b1,Bb1b8,Bb8a8][%mdl 32]} Ne8 27. Nce2 $36 {[%mdl 2048] White is on the roll.} Be5 28. Nf4 Nf6 29. h6 Kh8 30. Rb8 Rg8 (30... Re8 $16) 31. Rfb1 $18 Nxe4 $2 (31... Re8 32. Qe3 Bd4) 32. Nxe4 {Threatens to win with Ng5.} Qxf5 33. Ng3 Qxf4 34. Qxf4 Bxf4 {[#]} 35. Ra8 $1 {Hoping for Rbb8!} Bxg3 $2 (35... Bxh6 $18 36. Rbb8 Kg7 37. Rxc8 Rxc8 38. Rxc8 Bg5) 36. Rbb8 Be6 37. dxe6 {Accuracy: White = 63%, Black = 39%.} 1-0

[Event "HUN-chT Youth 2019"]
[Site "Budapest"]
[Date "2019.10.28"]
[Round "5.9"]
[White "Csernyik, Mark"]
[Black "Kellermann, Botond"]
[Result "1-0"]
[WhiteElo "1749"]
[BlackElo "1274"]
[Annotator "NA"]
[PlyCount "75"]
[EventDate "2019.10.26"]
[EventType "team-tourn"]
[EventCountry "HUN"]
[SourceTitle "playchess.com"]
[Source "ChessBase"]
[SourceQuality "1"]
[TimeControl "5400+30"]

1. Nf3 {[%emt 0:00:00]} c6 {[%emt 0:00:01]} 2. b3 {[%emt 0:00:00]} d5 {[%emt 0:00:18]} 3. Bb2 {[%emt 0:00:00]} Bf5 {[%emt 0:00:23]} 4. e3 {[%emt 0:00:45]} Nd7 {[%emt 0:00:39]} 5. Be2 {[%emt 0:01:01]} Ngf6 {[%emt 0:00:45]} 6. O-O {[%emt 0:04:01]} e6 {[%emt 0:02:16]} 7. d4 {[%emt 0:06:50]} Ne4 {[%emt 0:02:32]} 8. c4 {[%emt 0:02:01]} Rc8 {[%emt 0:03:25]} 9. Nbd2 {[%emt 0:02:49]} Bd6 {[%emt 0:03:25]} 10. cxd5 {[%emt 0:07:07]} cxd5 {[%emt 0:00:25]} 11. Nxe4 {[%emt 0:01:08]} Bxe4 {[%emt 0:00:15]} 12. Bd3 {[%emt 0:00:13]} O-O {[%emt 0:02:48]} 13. h3 {[%emt 0:01:54]} h6 {[%emt 0:02:47]} 14. Bxe4 {[%emt 0:00:52]} dxe4 {[%emt 0:00:17]} 15. Nd2 {[%emt 0:00:19]} f5 {[%emt 0:00:36]} 16. Nc4 {[%emt 0:00:17]} Nf6 {[%emt 0:01:49]} 17. Qd2 {[%emt 0:02:12]} b5 {[%emt 0:00:54]} 18. Nxd6 {[%emt 0:00:51]} Qxd6 {[%emt 0:00:12]} 19. Qa5 {[%emt 0:01:17]} a6 {[%emt 0:01:54]} 20. Ba3 {[%emt 0:00:25]} Qc6 {[%emt 0:00:49]} 21. Rac1 {[%emt 0:00:55]} Qb7 {[%emt 0:00:23]} 22. Bxf8 {[%emt 0:01:30]} Rxf8 {[%emt 0:00:10]} 23. Rc7 {[%emt 0:02:30]} Qa8 {[%emt 0:01:47]} 24. Qb6 {[%emt 0:01:40]} Nd5 {[%emt 0:00:47]} 25. Qxe6+ {[%emt 0:00:05]} Kh8 {[%emt 0:00:20]} 26. Rf7 {[%emt 0:03:20]} Rxf7 {[%emt 0:01:32]} 27. Qxf7 {[%emt 0:00:42]} Nf6 {[%emt 0:00:13]} 28. Rc1 {[%emt 0:00:28]} Kh7 {[%emt 0:01:46]} 29. Rc7 {[%emt 0:00:51]} Ne8 {[%emt 0:00:37]} 30. Qxf5+ {[%emt 0:00:12]} Kh8 {[%emt 0:00:30]} 31. Qf8+ {[%emt 0:00:04]} Kh7 {[%emt 0:00:26]} 32. Rxg7+ {[%emt 0:00:05]} Nxg7 {[%emt 0:00:16]} 33. Qxa8 {[%emt 0:00:07]} Kg6 {[%emt 0:00:26]} 34. Qxe4+ {[%emt 0:00:09]} Kf7 {[%emt 0:00:16]} 35. d5 {[%emt 0:00:09]} Ne8 {[%emt 0:00:15]} 36. Qe6+ {[%emt 0:00:10]} Kf8 {[%emt 0:00:34]} 37. d6 {[%emt 0:00:18]} a5 {[%emt 0:00:24]} 38. d7 {[%emt 0:00:08]} 1-0

[Event "HUN-chT Youth 2019"]
[Site "Budapest"]
[Date "2019.10.28"]
[Round "5.10"]
[White "Kiss, Eniko"]
[Black "Daroczi, Donat"]
[Result "0-1"]
[WhiteElo "1703"]
[BlackElo "1976"]
[Annotator "NA RC"]
[PlyCount "100"]
[EventDate "2019.10.26"]
[EventType "team-tourn"]
[EventCountry "HUN"]
[SourceTitle "playchess.com"]
[Source "ChessBase"]
[SourceQuality "1"]
[TimeControl "5400+30"]

1. c4 {[%emt 0:00:06]} e6 {[%emt 0:00:00]} 2. e4 {[%emt 0:00:10]} d5 {[%emt 0:00:00]} 3. exd5 {[%emt 0:00:20]} exd5 {[%emt 0:00:00]} 4. d4 {[%emt 0:00:06]} Nf6 {[%emt 0:00:00]} 5. Nc3 {[%emt 0:00:07]} Be7 {[%emt 0:00:00]} 6. Bd3 {[%emt 0:01:11]} O-O {[%emt 0:01:38]} 7. Nge2 {[%emt 0:00:43]} dxc4 {[%emt 0:04:15]} 8. Bxc4 {[%emt 0:00:05]} Bf5 {[%emt 0:00:17]} 9. O-O {[%emt 0:08:33]} Nbd7 {[%emt 0:02:20]} 10. Ng3 {[%emt 0:03:44]} Bg6 {[%emt 0:00:18]} 11. f4 {[%emt 0:00:11]} Nb6 {[%emt 0:08:04]} 12. Bb3 {[%emt 0:12:56]} h6 {[%emt 0:00:46]} 13. f5 {[%emt 0:01:00]} Bh7 {[%emt 0:00:01]} 14. d5 {[%emt 0:10:20]} Qd7 {[%emt 0:07:08]} 15. Qf3 {[%emt 0:03:20]} Rad8 {[%emt 0:05:01]} 16. Be3 {[%emt 0:17:16]} c6 {[%emt 0:19:20]} 17. dxc6 {[%emt 0:10:43]} Qxc6 {[%emt 0:00:11]} 18. Qxc6 {[%emt 0:03:02]} bxc6 {[%emt 0:00:01]} 19. a4 {[%emt 0:02:17]} Ng4 {[%emt 0:01:25]} 20. Bxb6 {[%emt 0:06:54]} axb6 {[%emt 0:00:19]} 21. Nce4 {[%emt 0:00:56]} Rd4 {[%emt 0:05:26]} 22. a5 {[%emt 0:02:56]} Rb4 {[%emt 0:09:30]} 23. Bd1 {[%emt 0:05:24]} Ne3 {[%emt 0:01:32]} 24. Re1 {[%emt 0:01:48]} Nxd1 {[%emt 0:10:13]} 25. Rexd1 {[%emt 0:00:08]} bxa5 {[%emt 0:02:18]} 26. Rxa5 {[%emt 0:01:03]} Rxb2 {[%emt 0:05:09]} 27. Re5 {[%emt 0:03:49]} Bd8 {[%emt 0:01:29]} 28. Rc1 {[%emt 0:02:22]} Bb6+ {[%emt 0:01:49]} 29. Kf1 {[%emt 0:02:05]} Rd8 {[%emt 0:00:01]} 30. Ke1 {[%emt 0:00:49]} Ra8 {[%emt 0:06:52]} 31. Nd6 {[%emt 0:00:28]} Kf8 {[%emt 0:01:29]} 32. Nc4 {[%emt 0:00:31]} Bc7 {[%emt 0:00:53]} 33. Re3 {[%emt 0:00:34]} Rxg2 {[%emt 0:00:20]} 34. Re2 {[%emt 0:00:26]} Bxg3+ {[%emt 0:00:27]} 35. hxg3 {[%emt 0:00:03]} Rg1+ {[%emt 0:00:11]} 36. Kd2 {[%emt 0:00:12]} Ra2+ {[%emt 0:00:23]} 37. Rc2 {[%emt 0:00:06]} Rxc2+ {[%emt 0:00:07]} 38. Kxc2 {[%emt 0:00:02]} Bxf5+ {[%emt 0:00:00]} 39. Kb2 {[%emt 0:00:41]} Rxg3 {[%emt 0:00:02]} 40. Ne5 {[%emt 0:01:24]} c5 {[%emt 0:02:03]} 41. Nc6 {[%emt 0:01:00]} h5 {[%emt 0:00:25]} 42. Re5 {[%emt 0:00:32]} Bg4 {[%emt 0:00:42]} 43. Rxc5 {[%emt 0:00:15]} g6 {[%emt 0:00:11]} 44. Ne5 {[%emt 0:00:27]} Kg7 {[%emt 0:00:45]} 45. Rc7 {[%emt 0:00:34]} Be6 {[%emt 0:00:19]} 46. Nc6 {[%emt 0:00:24]} h4 {[%emt 0:00:16]} 47. Nd8 {[%emt 0:00:02]} Kf6 {[%emt 0:00:08]} 48. Rc2 {[%emt 0:00:31]} h3 {[%emt 0:00:07]} 49. Rf2+ {[%emt 0:00:14]} Kg7 {[%emt 0:00:12]} 50. Nxe6+ {[%emt 0:01:10]} fxe6 {[%emt 0:00:02]} 0-1

[Event "HUN-chT Youth 2019"]
[Site "Budapest"]
[Date "2019.10.28"]
[Round "5.11"]
[White "Kiss, Rebeka"]
[Black "Ivan, Reka Gyongyver"]
[Result "1/2-1/2"]
[WhiteElo "1743"]
[BlackElo "1686"]
[Annotator "NA RC"]
[PlyCount "84"]
[EventDate "2019.10.26"]
[EventType "team-tourn"]
[EventCountry "HUN"]
[SourceTitle "playchess.com"]
[Source "ChessBase"]
[SourceQuality "1"]
[TimeControl "5400+30"]

1. e4 {[%emt 0:00:00]} c6 {[%emt 0:00:00]} 2. d4 {[%emt 0:00:00]} d5 {[%emt 0:00:00]} 3. exd5 {[%emt 0:02:07]} cxd5 {[%emt 0:00:04]} 4. Bd3 {[%emt 0:01:24]} Nc6 {[%emt 0:00:16]} 5. c3 {[%emt 0:01:06]} Nf6 {[%emt 0:00:20]} 6. Bf4 {[%emt 0:02:21]} Bg4 {[%emt 0:00:23]} 7. Qb3 {[%emt 0:04:51]} Qc8 {[%emt 0:03:07]} 8. Nd2 {[%emt 0:10:06]} e6 {[%emt 0:00:26]} 9. Ngf3 {[%emt 0:00:34]} Be7 {[%emt 0:00:30]} 10. O-O {[%emt 0:01:22]} O-O {[%emt 0:00:59]} 11. Qc2 {[%emt 0:02:40]} Bh5 {[%emt 0:00:41]} 12. Ne5 {[%emt 0:04:01]} a6 {[%emt 0:16:06]} 13. Rfe1 {[%emt 0:07:18]} b5 {[%emt 0:02:28]} 14. Nxc6 {[%emt 0:00:45]} Qxc6 {[%emt 0:00:11]} 15. Bg5 {[%emt 0:02:37]} Bg6 {[%emt 0:00:27]} 16. Bxg6 {[%emt 0:00:17]} hxg6 {[%emt 0:00:16]} 17. Qd3 {[%emt 0:02:28]} a5 {[%emt 0:02:14]} 18. Nf3 {[%emt 0:02:06]} Rfc8 {[%emt 0:07:10]} 19. Ne5 {[%emt 0:01:11]} Qb7 {[%emt 0:00:21]} 20. b3 {[%emt 0:18:36]} Rab8 21. Bf4 Ne4 {[%emt 0:22:52]} 22. c4 {[%emt 0:07:12]} Bb4 {[%emt 0:03:19]} 23. Re2 {[%emt 0:06:19]} g5 {[%emt 0:15:51]} 24. Bg3 {[%emt 0:08:03]} Nxg3 25. hxg3 bxc4 {[%emt 0:08:31]} 26. bxc4 {[%emt 0:00:17]} dxc4 {[%emt 0:01:39]} 27. Nxc4 {[%emt 0:00:22]} Qd5 {[%emt 0:01:27]} 28. Ne3 {[%emt 0:01:11]} Qb5 {[%emt 0:03:48]} 29. Qxb5 {[%emt 0:00:37]} Rxb5 {[%emt 0:00:05]} 30. Rd1 {[%emt 0:01:23]} Rd8 {[%emt 0:00:55]} 31. Rc2 {[%emt 0:00:17]} Rb7 {[%emt 0:00:52]} 32. f4 {[%emt 0:01:15]} Rbd7 {[%emt 0:02:12]} 33. Rc4 {[%emt 0:00:42]} gxf4 {[%emt 0:01:21]} 34. gxf4 {[%emt 0:00:08]} Bd6 {[%emt 0:01:35]} 35. g3 {[%emt 0:00:11]} Bc7 {[%emt 0:00:21]} 36. Kg2 {[%emt 0:00:45]} Bb6 {[%emt 0:00:22]} 37. Nc2 {[%emt 0:00:07]} f6 {[%emt 0:00:58]} 38. Kf3 {[%emt 0:00:18]} e5 {[%emt 0:04:34]} 39. fxe5 {[%emt 0:00:14]} fxe5 {[%emt 0:00:15]} 40. Ke4 {[%emt 0:00:24]} exd4 {[%emt 0:00:32]} 41. Nxd4 {[%emt 0:00:51]} Kf7 {[%emt 0:01:28]} 42. Rf1+ {[%emt 0:00:08]} Kg8 {[%emt 0:00:58]} 1/2-1/2

[Event "HUN-chT Youth 2019"]
[Site "Budapest"]
[Date "2019.10.28"]
[Round "5.12"]
[White "Kiraly, Lilla Virag"]
[Black "Farkas, Virag"]
[Result "1-0"]
[WhiteElo "1450"]
[BlackElo "1506"]
[Annotator "NA RC"]
[PlyCount "45"]
[EventDate "2019.10.26"]
[EventType "team-tourn"]
[EventCountry "HUN"]
[SourceTitle "playchess.com"]
[Source "ChessBase"]
[SourceQuality "1"]
[TimeControl "5400+30"]

1. e4 {[%emt 0:00:00]} c5 {[%emt 0:00:00]} 2. Nc3 {[%emt 0:00:00]} e6 {[%emt 0:00:13]} 3. g3 {[%emt 0:00:10]} d5 {[%emt 0:00:43]} 4. d3 {[%emt 0:01:44]} Nf6 {[%emt 0:01:31]} 5. Bg2 {[%emt 0:00:22]} h6 {[%emt 0:08:20]} 6. f4 {[%emt 0:00:59]} Nc6 {[%emt 0:03:05]} 7. Qe2 {[%emt 0:04:43]} Be7 {[%emt 0:04:31]} 8. Nf3 {[%emt 0:02:36]} b6 {[%emt 0:03:24]} 9. O-O {[%emt 0:03:23]} Bb7 {[%emt 0:06:24]} 10. h3 {[%emt 0:03:27]} O-O {[%emt 0:08:19]} 11. g4 {[%emt 0:08:17]} h5 {[%emt 0:06:22]} 12. g5 {[%emt 0:03:17]} Nd7 {[%emt 0:01:29]} 13. exd5 {[%emt 0:00:45]} exd5 {[%emt 0:02:02]} 14. Nxd5 {[%emt 0:01:40]} Re8 {[%emt 0:06:27]} 15. Nxe7+ {[%emt 0:02:31]} Nxe7 16. Bd2 {[%emt 0:01:21]} Nf5 {[%emt 0:05:13]} 17. Qf2 {[%emt 0:02:44]} f6 {[%emt 0:05:46]} 18. Rfe1 {[%emt 0:11:15]} Rb8 {[%emt 0:04:50]} 19. Bc3 {[%emt 0:08:27]} Bxf3 {[%emt 0:06:37]} 20. Qxf3 {[%emt 0:03:03]} Qc7 {[%emt 0:10:51]} 21. Qd5+ {[%emt 0:00:51]} Kh8 {[%emt 0:02:33]} 22. Qxf5 {[%emt 0:00:48]} fxg5 {[%emt 0:02:26]} 23. Qxg5 {[%emt 0:00:38]} 1-0

[Event "HUN-chT Youth 2019"]
[Site "Budapest"]
[Date "2019.10.28"]
[Round "5.13"]
[White "Geher, Koppany"]
[Black "Tubak, Daniel"]
[Result "1-0"]
[WhiteElo "2256"]
[BlackElo "2219"]
[Annotator "TA"]
[PlyCount "91"]
[EventDate "2019.10.26"]
[EventType "team-tourn"]
[EventCountry "HUN"]
[SourceTitle "playchess.com"]
[Source "ChessBase"]
[SourceQuality "1"]

{[%evp 17,91,65,75,43,39,35,42,42,58,56,71,65,70,72,104,107,95,97,104,104,98,100,105,100,112,106,99,104,99,100,100,101,101,101,101,99,99,100,113,113,113,96,102,112,113,101,100,78,101,102,102,104,106,65,104,16,17,17,67,89,89,101,168,156,214,93,139,158,311,308,822,818,721,479,1653,1680]} 1. e4 d6 2. d4 Nf6 3. Nc3 g6 4. Nf3 Bg7 5. Be2 O-O 6. O-O Bg4 7. Be3 c6 8. a4 Bxf3 9. Bxf3 Nbd7 10. Be2 {B08: Pirc Defence: Classical System} (10. Qd2 a5 11. Be2 e5 12. dxe5 dxe5 13. Rfd1 Re8 14. f3 Bf8 15. Qe1 Qe7 16. Nb1 Nc5 17. Nd2 Qc7 18. Bc4 Nh5 19. Nb3 b6 20. Nxc5 Bxc5 21. Bxc5 bxc5 22. Qe3 Qe7 {½-½ (22) Oprisor,R (2176)-Petrisor,A (2396) Baile Govora 2017}) 10... e5 11. dxe5 dxe5 12. Bc4 $146 {White is slightly better.} ({Predecessor:} 12. Qd6 Ne8 13. Qd3 Qe7 14. Rad1 Nc5 15. Bxc5 Qxc5 16. Qc4 Qe7 17. a5 Nc7 {½-½ (28) Meneses Gonzalez,K (2067)-Hernandez Leon,S (2146) Cotelec 2009}) 12... Qc7 13. Qe2 Rfe8 14. f3 Bf8 15. Kh1 Bc5 16. Bxf7+ {[%mdl 64] [#] Decoy} Kxf7 17. Qc4+ {[%mdl 64] Double Attack} Re6 18. Bxc5 {And now Be3 would win.} b5 19. axb5 ({Don't play} 19. Qb4 a5 $11) 19... cxb5 20. Nxb5 {[%mdl 64] Double Attack} Qxc5 21. Qxc5 Nxc5 22. Nc7 {[%mdl 64] Double Attack} Rb8 {Strongly threatening ...Re7.} 23. Nxe6 Kxe6 24. Rfb1 Rb7 25. b4 Ncd7 26. Ra6+ Ke7 27. c3 Nb8 28. Ra5 Nfd7 29. Rba1 a6 30. Kg1 Ke6 31. g3 Rc7 32. R5a3 Rc6 33. Rd1 Rc8 34. Rd3 Nb6 35. Ra5 Rc7 36. f4 (36. Ra2 $16) 36... Nc4 $11 37. Ra1 Rc6 38. Rd8 Nd7 39. f5+ gxf5 (39... Ke7 $16 40. Ra8 gxf5) 40. exf5+ $18 Ke7 {[#]} 41. Ra8 (41. Rh8 $1 $18 {[%cal Rh8h7]} Rh6 42. g4) 41... Nd6 42. R1xa6 Rxc3 $2 (42... Rxa6 $16 43. Rxa6 Nxf5) 43. Rh8 Nxf5 $2 (43... Rc1+ 44. Kg2 Rc2+ 45. Kh3 h5) 44. Rxh7+ {White is clearly winning.} Kd8 45. Ra8+ Rc8 (45... Kc7 $142 46. Ra7+ Kd6 47. Raxd7+ Ke6) 46. Rh8+ {Accuracy: White = 66%, Black = 46%.} 1-0

[Event "HUN-chT Youth 2019"]
[Site "Budapest"]
[Date "2019.10.28"]
[Round "5.13"]
[White "Konyves, Almos"]
[Black "Szarka, Tibor"]
[Result "1-0"]
[WhiteElo "2006"]
[BlackElo "1469"]
[Annotator "NA RC"]
[PlyCount "45"]
[EventDate "2019.10.26"]
[EventType "team-tourn"]
[EventCountry "HUN"]
[SourceTitle "playchess.com"]
[Source "ChessBase"]
[SourceQuality "1"]
[TimeControl "5400+30"]

1. c4 {[%emt 0:00:09]} e5 {[%emt 0:00:00]} 2. g3 {[%emt 0:00:12]} Nf6 {[%emt 0:00:08]} 3. Bg2 {[%emt 0:00:06]} d5 {[%emt 0:00:20]} 4. cxd5 {[%emt 0:00:06]} Nxd5 {[%emt 0:00:06]} 5. Nc3 {[%emt 0:00:06]} Nb6 {[%emt 0:00:05]} 6. Nf3 {[%emt 0:00:06]} Nc6 {[%emt 0:00:14]} 7. d3 {[%emt 0:00:06]} Be7 {[%emt 0:00:24]} 8. O-O {[%emt 0:00:09]} O-O {[%emt 0:00:19]} 9. a3 {[%emt 0:00:09]} Be6 {[%emt 0:00:19]} 10. b4 {[%emt 0:00:22]} a6 {[%emt 0:00:47]} 11. Bb2 {[%emt 0:00:37]} f6 {[%emt 0:00:29]} 12. Rb1 {[%emt 0:02:11]} Bf5 {[%emt 0:13:51]} 13. Nd2 {[%emt 0:02:12]} Qd7 {[%emt 0:01:17]} 14. Nce4 {[%emt 0:01:03]} Bh3 {[%emt 0:02:29]} 15. Qb3+ {[%emt 0:06:09]} Kh8 {[%emt 0:00:41]} 16. Bxh3 {[%emt 0:03:52]} Qxh3 {[%emt 0:00:38]} 17. Nc5 {[%emt 0:00:31]} f5 {[%emt 0:04:51]} 18. Nf3 {[%emt 0:14:02]} Bd6 {[%emt 0:20:07]} 19. Nxb7 {[%emt 0:08:59]} Rf6 {[%emt 0:08:37]} 20. Rfc1 {[%emt 0:03:00]} Nd4 {[%emt 0:07:34]} 21. Bxd4 {[%emt 0:00:11]} exd4 {[%emt 0:00:30]} 22. Nxd6 {[%emt 0:01:03]} Rxd6 {[%emt 0:01:49]} 23. Ng5 {[%emt 0:00:13]} 1-0

[Event "HUN-chT Youth 2019"]
[Site "Budapest"]
[Date "2019.10.28"]
[Round "5.14"]
[White "Kelemen, David"]
[Black "Juhasz, Agoston"]
[Result "0-1"]
[WhiteElo "2166"]
[BlackElo "2115"]
[Annotator "TA"]
[PlyCount "74"]
[EventDate "2019.10.26"]
[EventType "team-tourn"]
[EventCountry "HUN"]
[SourceTitle "playchess.com"]
[Source "ChessBase"]
[SourceQuality "1"]

{[%evp 15,74,30,25,18,51,31,24,27,17,16,0,-32,-33,-34,-20,-41,-41,-45,-36,-46,-38,-135,-147,-221,-226,-210,-210,-216,-212,-226,-226,-226,-217,-245,-238,-243,-217,-269,-267,-267,-267,-293,-258,-389,-277,-303,-274,-577,-513,-547,-526,-481,-377,-802,-785,-2272,-2147,-6000,-5269,-2649,-2334]} 1. e4 c6 2. d4 d5 3. Nc3 dxe4 4. Nxe4 Nf6 5. Nxf6+ exf6 6. c3 Bd6 7. Bd3 O-O 8. Ne2 $146 ({Predecessor:} 8. Qc2 Re8+ {0-1 (32) Nayak,R (2181)-Sunilduth Lyna,N (2575) New Delhi 2019}) 8... Re8 9. Qc2 {B15: Caro-Kann: 3 Nc3: 3...g6 and 3...dxe4 4 Nxe4 Nf6 5 Nxf6+ exf6} h5 10. Be3 Nd7 11. O-O-O {White has an edge.} Nf8 12. Kb1 Be6 13. Nf4 Bxf4 14. Bxf4 b5 15. Rhe1 Qd5 16. b3 a5 {[%cal Ba7a5,Ba5a4][%mdl 32]} 17. Be4 Qd7 18. Ka1 (18. c4 $15) 18... a4 $17 {Hoping for ...axb3.} 19. b4 {[#]} (19. Kb2 $17) 19... Bb3 $1 $19 {[%cal Rb3c2][%mdl 576] Skewer} 20. Qd3 (20. axb3 axb3+) 20... Bxd1 21. Rxd1 {[#]} Ng6 $1 22. Be3 (22. Bxg6 fxg6) 22... Ne7 23. Bf3 g6 24. h3 Nd5 25. Bd2 Rac8 26. g4 h4 27. Be4 Kg7 28. Qf3 Qd6 29. Bd3 (29. Kb1 {was called for.}) 29... Re7 30. Rc1 Nb6 31. Be4 $2 (31. g5 {is tougher.} f5 32. Bf4) 31... Nc4 32. Bf4 Qe6 33. Bd3 Qd5 34. Qd1 $2 (34. Qxd5 cxd5 35. g5) 34... Rce8 {Black is clearly winning.} 35. f3 {[#]} Re1 $1 36. Qc2 (36. Qxe1 Rxe1) 36... Qxf3 {[%mdl 64] Double Attack} 37. Bxc4 Qxf4 {Accuracy: White = 30%, Black = 80%.} 0-1

[Event "HUN-chT Youth 2019"]
[Site "Budapest"]
[Date "2019.10.28"]
[Round "5.14"]
[White "Vilics, Hanna"]
[Black "Bodrogi, Bendeguz"]
[Result "0-1"]
[WhiteElo "1253"]
[BlackElo "1903"]
[Annotator "NA RC"]
[PlyCount "82"]
[EventDate "2019.10.26"]
[EventType "team-tourn"]
[EventCountry "HUN"]
[SourceTitle "playchess.com"]
[Source "ChessBase"]
[SourceQuality "1"]
[TimeControl "5400+30"]

1. d4 {[%emt 0:00:00]} Nf6 {[%emt 0:00:00]} 2. Nf3 {[%emt 0:00:00]} c5 {[%emt 0:00:46]} 3. g3 {[%emt 0:00:20]} cxd4 {[%emt 0:00:39]} 4. Nxd4 {[%emt 0:00:07]} Nc6 {[%emt 0:00:32]} 5. Nb3 {[%emt 0:00:15]} g6 {[%emt 0:00:41]} 6. Bg2 {[%emt 0:00:19]} Bg7 {[%emt 0:00:39]} 7. O-O {[%emt 0:00:51]} O-O {[%emt 0:00:50]} 8. Nc3 {[%emt 0:02:06]} d6 {[%emt 0:01:05]} 9. e4 {[%emt 0:01:54]} Bd7 {[%emt 0:05:14]} 10. Be3 {[%emt 0:02:02]} Ne5 {[%emt 0:01:49]} 11. Bd4 {[%emt 0:10:13]} Nc6 {[%emt 0:01:56]} 12. f4 {[%emt 0:04:46]} Nxd4 {[%emt 0:00:32]} 13. Nxd4 {[%emt 0:00:45]} Ng4 {[%emt 0:00:54]} 14. Qd3 {[%emt 0:03:21]} Qb6 {[%emt 0:00:14]} 15. Rfd1 {[%emt 0:01:55]} e5 {[%emt 0:00:50]} 16. Nd5 {[%emt 0:03:33]} Qxd4+ {[%emt 0:00:34]} 17. Qxd4 {[%emt 0:00:13]} exd4 {[%emt 0:00:12]} 18. h3 {[%emt 0:00:37]} Ne3 {[%emt 0:01:53]} 19. Nxe3 {[%emt 0:00:52]} dxe3 {[%emt 0:00:08]} 20. Rxd6 {[%emt 0:00:16]} Bc6 {[%emt 0:01:07]} 21. e5 {[%emt 0:01:19]} Bxg2 {[%emt 0:00:50]} 22. Kxg2 {[%emt 0:00:08]} Rfd8 {[%emt 0:00:32]} 23. Rad1 {[%emt 0:00:42]} Rxd6 {[%emt 0:00:32]} 24. Rxd6 {[%emt 0:00:31]} Rc8 {[%emt 0:00:39]} 25. c3 {[%emt 0:00:20]} Bf8 {[%emt 0:02:06]} 26. Rd7 {[%emt 0:00:12]} Bc5 {[%emt 0:00:11]} 27. Kf3 {[%emt 0:00:50]} Bb6 {[%emt 0:00:20]} 28. g4 {[%emt 0:00:39]} Rd8 {[%emt 0:00:57]} 29. Rxd8+ {[%emt 0:00:27]} Bxd8 {[%emt 0:00:10]} 30. Kxe3 {[%emt 0:00:11]} Kf8 {[%emt 0:00:19]} 31. Ke4 {[%emt 0:01:06]} Bh4 {[%emt 0:02:11]} 32. f5 {[%emt 0:01:18]} Ke7 {[%emt 0:00:12]} 33. Kd5 {[%emt 0:00:44]} Bg5 {[%emt 0:03:55]} 34. c4 {[%emt 0:00:31]} a5 {[%emt 0:01:31]} 35. b3 {[%emt 0:04:20]} Bd2 {[%emt 0:02:00]} 36. Kc5 {[%emt 0:10:36]} Bc3 {[%emt 0:16:34]} 37. Kd5 {[%emt 0:03:05]} Bb4 {[%emt 0:01:13]} 38. c5 {[%emt 0:03:32]} Kd7 {[%emt 0:01:06]} 39. h4 {[%emt 0:04:27]} gxf5 {[%emt 0:01:46]} 40. g5 {[%emt 0:01:11]} Be1 {[%emt 0:01:00]} 41. h5 {[%emt 0:00:30]} Bd2 {[%emt 0:00:15]} 0-1

[Event "HUN-chT Youth 2019"]
[Site "Budapest"]
[Date "2019.10.28"]
[Round "5.15"]
[White "Virag, Balint"]
[Black "Koszta, Benedek"]
[Result "1/2-1/2"]
[WhiteElo "2100"]
[BlackElo "2043"]
[Annotator "NA"]
[PlyCount "34"]
[EventDate "2019.10.26"]
[EventType "team-tourn"]
[EventCountry "HUN"]
[SourceTitle "playchess.com"]
[Source "ChessBase"]
[SourceQuality "1"]
[TimeControl "5400+30"]

1. e4 {[%emt 0:00:00]} c5 {[%emt 0:00:00]} 2. Nf3 {[%emt 0:00:00]} d6 {[%emt 0:00:00]} 3. d4 {[%emt 0:00:00]} cxd4 {[%emt 0:00:00]} 4. Nxd4 {[%emt 0:00:01]} Nf6 {[%emt 0:00:02]} 5. Nc3 {[%emt 0:00:10]} a6 {[%emt 0:00:06]} 6. Be2 {[%emt 0:00:26]} e5 {[%emt 0:00:32]} 7. Nb3 {[%emt 0:01:11]} Be7 {[%emt 0:00:46]} 8. Be3 {[%emt 0:02:18]} Be6 {[%emt 0:00:17]} 9. O-O {[%emt 0:03:25]} Nbd7 {[%emt 0:01:13]} 10. f4 {[%emt 0:03:46]} exf4 {[%emt 0:03:18]} 11. Bxf4 {[%emt 0:01:30]} Ne5 {[%emt 0:00:48]} 12. Kh1 {[%emt 0:02:14]} O-O {[%emt 0:02:12]} 13. Nd4 {[%emt 0:02:19]} Rc8 {[%emt 0:04:07]} 14. Nxe6 {[%emt 0:02:29]} fxe6 {[%emt 0:02:17]} 15. Bxe5 {[%emt 0:00:44]} dxe5 {[%emt 0:00:07]} 16. Qxd8 {[%emt 0:01:36]} Rfxd8 {[%emt 0:00:13]} 17. Bd3 {[%emt 0:06:58]} Bc5 {[%emt 0:06:38]} 1/2-1/2